Loading...

Physiology of mammals and other vertebrates

Bibliographic Details
Main Author: Marshall, P T; Hughes, G M
Format: Printed Book
Published: Cambridge University Press, Cambridge 1980
Edition:2
Subjects:
LEADER 00524nam a2200193 4500
020
082 |a 599 MAR-P2 
100 |a Marshall, P T; Hughes, G M 
245 |a Physiology of mammals and other vertebrates 
250 |a 2 
260 |a Cambridge University Press, Cambridge  |c 1980 
300
490
500
590 |a SUB 
650 |a Mammalia (Mammals) 
942 |c BK 
999 |c 90058  |d 90058 
952 |0 0  |1 0  |4 0  |6 599_000000000000000_MARP2  |7 0  |9 103526  |a ZGY  |b ZGY  |l 0  |o 599 MAR-P2  |p ZGY02594  |r 2019-09-25  |w 2019-09-25  |y BK